[Event "Bronshoj Lang Weekend 2012"]
[Site "Bronshoj"]
[Date "2012.02.10"]
[Round "1"]
[White "Ananthan, Arunn"]
[Black "Nohr, Finn"]
[Result "0-1"]
[WhiteElo "1586"]
[BlackElo "2081"]
[PlyCount "72"]
[EventDate "2012.??.??"]
[EventCountry "DEN"]

1. e4 e5 2. Nf3 Nc6 3. d4 exd4 4. Nxd4 Nf6 5. Nxc6 bxc6 6. Bd3 Bc5 7. O-O d6 8.
Bg5 h6 9. Bh4 g5 10. Bg3 Bg4 11. Qd2 Nh5 12. a4 a5 13. e5 Nxg3 14. hxg3 O-O 15.
exd6 cxd6 16. Be2 Bf5 17. Nc3 Rb8 18. Bd3 Qf6 19. Rfb1 d5 20. Nd1 Bb4 21. c3
Bc5 22. Bxf5 Qxf5 23. b4 Rfe8 24. b5 Re7 25. Ne3 Bxe3 26. fxe3 Reb7 27. Rf1 Qe6
28. bxc6 Qxc6 29. Qd4 Rb3 30. Rf6 Qxc3 31. Qxc3 Rxc3 32. Rd6 Rxe3 33. Rxd5 Rxg3
34. Kh2 Rg4 35. Rxa5 Rb2 36. Rg1 Ra2 0-1

[Event "Bronshoj Lang Weekend 2012"]
[Site "Bronshoj"]
[Date "2012.02.10"]
[Round "1"]
[White "Andersen, Daniel"]
[Black "Rhee, Alexander Kasper"]
[Result "0-1"]
[WhiteElo "1823"]
[BlackElo "2149"]
[PlyCount "44"]
[EventDate "2012.??.??"]
[EventCountry "DEN"]

1. c4 b6 2. e4 Bb7 3. Nc3 e6 4. g3 f5 5. Bg2 Nf6 6. Nge2 Nxe4 7. Nxe4 Bxe4 8.
Bxe4 fxe4 9. Nc3 Qf6 10. Qe2 Nc6 11. Qxe4 Bc5 12. O-O O-O 13. Nd1 Rad8 14. Ne3
Qf7 15. d3 d5 16. cxd5 exd5 17. Qg2 Ne5 18. Rd1 Qg6 19. Qf1 Nf3+ 20. Kg2 Qh5
21. h3 d4 22. Ng4 Qd5 0-1

[Event "Bronshoj Lang Weekend 2012"]
[Site "Bronshoj"]
[Date "2012.02.10"]
[Round "1"]
[White "Bromann, Thorbjorn"]
[Black "Andersen, Soren Mikkel"]
[Result "1-0"]
[WhiteElo "2370"]
[BlackElo "2021"]
[PlyCount "55"]
[EventDate "2012.??.??"]
[EventCountry "DEN"]

1. d4 d5 2. Nc3 Nf6 3. Bg5 Nbd7 4. Qd3 c6 5. Nf3 Qb6 6. O-O-O e6 7. e4 Bb4 8.
e5 Bxc3 9. Qxc3 Ne4 10. Qa3 c5 11. Be3 Qb4 12. Qxb4 cxb4 13. Ne1 f6 14. Nd3 a5
15. f3 Ng5 16. exf6 gxf6 17. Bxg5 fxg5 18. h4 gxh4 19. Nf4 Ke7 20. Rxh4 Nf8 21.
Re1 Kd6 22. Bd3 b6 23. Rh6 Ra7 24. Bf5 Re7 25. Re5 Rg8 26. Nxd5 Rf7 27. Nxb6
Ba6 28. Bxe6 1-0

[Event "Bronshoj Lang Weekend 2012"]
[Site "Bronshoj"]
[Date "2012.02.10"]
[Round "1"]
[White "Christiansen, Johan Sebastian"]
[Black "Reinecker, Kai"]
[Result "1-0"]
[WhiteElo "1967"]
[BlackElo "2261"]
[PlyCount "127"]
[EventDate "2012.??.??"]
[EventCountry "DEN"]

1. c4 e5 2. Nc3 Nf6 3. g3 d5 4. cxd5 Nxd5 5. Bg2 Nb6 6. Nf3 Nc6 7. O-O Be7 8.
d3 O-O 9. Be3 Be6 10. a3 f6 11. Rc1 Nd4 12. Nd2 c6 13. Bxd4 exd4 14. Na4 Bd5
15. Bxd5+ Qxd5 16. Nxb6 axb6 17. Qb3 Qxb3 18. Nxb3 c5 19. Rc2 f5 20. Kg2 Rfe8
21. Kf3 Bd6 22. Ra1 Ra4 23. Rac1 Kf7 24. Nd2 b5 25. Rxc5 Bxc5 26. Rxc5 b4 27.
Nc4 bxa3 28. bxa3 Kf6 29. Rb5 Re7 30. Nb6 Rxa3 31. Nd5+ Ke6 32. Nxe7 Kxe7 33.
Rxb7+ Kf6 34. Rb6+ Ke5 35. Rb5+ Kf6 36. h3 Ra4 37. Rd5 Ke6 38. Rc5 Ra6 39. Kf4
g6 40. Rc7 Ra2 41. Kf3 g5 42. g4 fxg4+ 43. hxg4 h5 44. gxh5 g4+ 45. Kxg4 Rxe2
46. Rc6+ Ke7 47. Kf3 Rd2 48. Ke4 Rxf2 49. Kxd4 Rh2 50. h6 Kd7 51. Ra6 Kc7 52.
Kc5 Rh5+ 53. Kc4 Kb7 54. Rg6 Rh4+ 55. d4 Kc7 56. Kc5 Kd7 57. d5 Ke8 58. Kd6 Rh1
59. Re6+ Kd8 60. Rf6 Ke8 61. Kc7 Rc1+ 62. Rc6 Rh1 63. d6 Rxh6 64. d7+ 1-0

[Event "Bronshoj Lang Weekend 2012"]
[Site "Bronshoj"]
[Date "2012.02.10"]
[Round "1"]
[White "Eriksson, Christian Altenburg"]
[Black "Hansen, Rasmus Agertoft"]
[Result "1-0"]
[WhiteElo "2139"]
[BlackElo "1818"]
[PlyCount "75"]
[EventDate "2012.??.??"]
[EventCountry "DEN"]

1. e4 d6 2. d4 Nf6 3. Nc3 g6 4. Bg5 Bg7 5. Qd2 h6 6. Bh4 c6 7. O-O-O b5 8. f3
b4 9. Nb1 a5 10. g4 Be6 11. b3 Qb6 12. Bf2 Qb7 13. Ne2 a4 14. Nf4 axb3 15. axb3
Bxg4 16. fxg4 Nxe4 17. Qe1 Nxf2 18. Qxf2 Ra1 19. Bd3 Qa7 20. Ne2 O-O 21. h4 e5
22. Kd2 d5 23. Qg2 Nd7 24. dxe5 Nxe5 25. Rh3 Nxd3 26. Rxd3 Qa2 27. Qf1 Qb2 28.
h5 Ra2 29. Rc1 Bf6 30. Kd1 Ra1 31. Nd2 Bg5 32. Rf3 Rxc1+ 33. Nxc1 Qd4 34. Qe2
Qxg4 35. hxg6 f6 36. Qe7 Qg1+ 37. Rf1 Qg4+ 38. Ne2 1-0

[Event "Bronshoj Lang Weekend 2012"]
[Site "Bronshoj"]
[Date "2012.02.10"]
[Round "1"]
[White "Harestad, Hans Krogh"]
[Black "Larsen, Tor Ketil"]
[Result "0-1"]
[WhiteElo "2265"]
[BlackElo "1968"]
[PlyCount "82"]
[EventDate "2012.??.??"]
[EventCountry "DEN"]

1. d4 Nf6 2. c4 c5 3. d5 b5 4. cxb5 a6 5. bxa6 g6 6. Nc3 Bxa6 7. e4 Bxf1 8.
Kxf1 d6 9. Nf3 Bg7 10. g3 Nbd7 11. Kg2 O-O 12. Re1 Qa5 13. Bd2 Qb4 14. a4 Qb7
15. Nb5 Rfb8 16. Bc3 Nb6 17. b3 Ne8 18. Bxg7 Kxg7 19. Qc2 Nd7 20. Nd2 Nc7 21.
Nxc7 Qxc7 22. Nc4 Rb4 23. Kg1 Rab8 24. Na3 Ne5 25. Re3 Qb6 26. Nb5 c4 27. bxc4
Rxc4 28. Qb3 Rbc8 29. Re2 Qc5 30. Kg2 f5 31. f4 Rb4 32. Qa3 Qc4 33. Qa2 Qd3 34.
Rae1 Nf3 35. Qa1+ Kg8 36. exf5 Nxe1+ 37. Qxe1 Qxd5+ 38. Kg1 Rbc4 39. Rd2 Qxf5
40. Qxe7 Qh3 41. Nd4 Rxd4 0-1

[Event "Bronshoj Lang Weekend 2012"]
[Site "Bronshoj"]
[Date "2012.02.10"]
[Round "1"]
[White "Haubro, Martin"]
[Black "Nielsen, Thomas (1994)"]
[Result "1-0"]
[WhiteElo "2072"]
[BlackElo "1453"]
[PlyCount "86"]
[EventDate "2012.??.??"]
[EventCountry "DEN"]

1. e4 d5 2. exd5 Nf6 3. d4 Nxd5 4. c4 Nb6 5. Be3 Bf5 6. Nc3 e6 7. Nf3 N8d7 8.
Qb3 c6 9. c5 Nd5 10. Nxd5 cxd5 11. Qxb7 Rb8 12. Qxa7 Rxb2 13. a4 Qb8 14. Qxb8+
Rxb8 15. Bb5 Kd8 16. Bf4 Ra8 17. Ke2 f6 18. c6 Nb6 19. Rhc1 Nc8 20. c7+ Ke7 21.
Bc6 Ra7 22. a5 Kf7 23. Bd7 Be7 24. h3 g5 25. Bh2 Bb4 26. g4 Bg6 27. Rc6 Rxa5
28. Rxa5 Bxa5 29. Bxe6+ Kg7 30. Bxc8 Rxc8 31. Rc5 Bb6 32. Rb5 Bxc7 33. Rb7 Re8+
34. Kd2 Be4 35. Rxc7+ Kg6 36. Ne1 h5 37. Rb7 Ra8 38. Rb3 Ra2+ 39. Ke3 Ra1 40.
Ke2 h4 41. Bd6 f5 42. f3 Ra2+ 43. Kf1 f4 1-0

[Event "Bronshoj Lang Weekend 2012"]
[Site "Bronshoj"]
[Date "2012.02.10"]
[Round "1"]
[White "Haubro, Sigfred"]
[Black "Nielsen, Steen Gregers"]
[Result "0-1"]
[WhiteElo "2105"]
[BlackElo "1688"]
[PlyCount "81"]
[EventDate "2012.??.??"]
[EventCountry "DEN"]

1. b3 Nf6 2. Bb2 g6 3. Nf3 c5 4. e3 Bg7 5. Be2 O-O 6. O-O Nc6 7. c4 d5 8. d4
dxc4 9. bxc4 cxd4 10. exd4 e6 11. Nbd2 b6 12. Rb1 Bb7 13. a3 Nh5 14. Nb3 Nf4
15. Re1 Nxe2+ 16. Rxe2 Rc8 17. Qd3 Ne7 18. c5 bxc5 19. Nbd2 Nf5 20. d5 c4 21.
Nxc4 Ba6 22. Rc2 Bxb2 23. Rbxb2 exd5 24. g4 Bxc4 25. Qd2 Nh4 26. Nd4 Qf6 27.
Rc3 Rb8 28. Rxb8 Rxb8 29. f4 Rb1+ 30. Kf2 g5 31. f5 Qe5 32. Qxg5+ Ng6 33. Qd8+
Nf8 34. Qg5+ Kh8 35. Kg2 Bf1+ 36. Kf3 Qe4+ 37. Kg3 Qe1+ 38. Kf4 Qe4+ 39. Kg3
Qxd4 40. Re3 Rd1 41. f6 0-1

[Event "Bronshoj Lang Weekend 2012"]
[Site "Bronshoj"]
[Date "2012.02.10"]
[Round "1"]
[White "Jacobsen, Mads Holger Bang"]
[Black "Strange, Mikkel"]
[Result "0-1"]
[WhiteElo "1999"]
[BlackElo "2314"]
[PlyCount "104"]
[EventDate "2012.??.??"]
[EventCountry "DEN"]

1. d4 f5 2. c4 Nf6 3. g3 e6 4. Nc3 d5 5. Bg2 c6 6. Nf3 Bd6 7. O-O O-O 8. Qc2
Qe8 9. Rb1 b5 10. b3 a5 11. Bf4 Bxf4 12. gxf4 Kh8 13. Rfc1 Bd7 14. Ne5 Ng4 15.
Nxd7 Qxd7 16. cxb5 cxb5 17. a4 bxa4 18. Nxa4 Qd8 19. h3 Nf6 20. Qc7 Kg8 21. Qe5
Re8 22. Rc7 Nfd7 23. Qd6 Ra6 24. Rxd7 Rxd6 25. Rxd8 Rexd8 26. Nc5 Rb6 27. Ra1
Na6 28. Rxa5 Nxc5 29. Rxc5 Kf7 30. Rc2 Rxb3 31. Bf3 Rdb8 32. Kg2 Rb2 33. Rc7+
Kf6 34. Rc6 R2b5 35. h4 R8b7 36. Kg3 Ke7 37. Rc8 Rb4 38. e3 Rb2 39. Rc1 Rb1 40.
Rc2 R1b2 41. Rc1 Kd7 42. Ra1 Rc2 43. Ra8 Rc8 44. Ra2 Rb1 45. Ra7+ Rc7 46. Ra8
Rb2 47. Rh8 h6 48. Rg8 Kd6 49. Bd1 Ra7 50. Bf3 Raa2 51. Rxg7 Rxf2 52. Rb7 Rfb2
0-1

[Event "Bronshoj Lang Weekend 2012"]
[Site "Bronshoj"]
[Date "2012.02.10"]
[Round "1"]
[White "Jensen, Simon Stibolt"]
[Black "Pedersen, Henrik Bolding"]
[Result "0-1"]
[WhiteElo "1423"]
[BlackElo "2068"]
[PlyCount "50"]
[EventDate "2012.??.??"]
[EventCountry "DEN"]

1. e4 c6 2. d4 d5 3. exd5 cxd5 4. Bb5+ Nc6 5. Nf3 Bg4 6. c3 Qb6 7. Bxc6+ bxc6
8. b3 e6 9. O-O Nf6 10. Re1 Be7 11. Bg5 h6 12. Bh4 c5 13. dxc5 Qxc5 14. b4 Qc6
15. Ne5 Bxd1 16. Nxc6 Ba4 17. Nxe7 Kxe7 18. Bxf6+ gxf6 19. Nd2 Rhc8 20. Rac1
Rc7 21. Nf3 Rac8 22. Re3 Rc4 23. Nd2 Rxb4 24. cxb4 Rxc1+ 25. Nf1 Bb5 0-1

[Event "Bronshoj Lang Weekend 2012"]
[Site "Bronshoj"]
[Date "2012.02.10"]
[Round "1"]
[White "Jorgensen, Mikkel"]
[Black "Petersen, Steen Brustrup"]
[Result "0-1"]
[WhiteElo "1712"]
[BlackElo "2111"]
[PlyCount "65"]
[EventDate "2012.??.??"]
[EventCountry "DEN"]

1. d4 Nf6 2. f3 g6 3. e4 d6 4. Nc3 Bg7 5. Be3 a6 6. Bc4 Nbd7 7. a3 b5 8. Ba2
Bb7 9. Nge2 c5 10. dxc5 dxc5 11. Ng3 h5 12. O-O Qc7 13. Qe1 b4 14. axb4 cxb4
15. Na4 a5 16. Qf2 h4 17. Ne2 Ba6 18. Rfd1 Bh6 19. Bxh6 Rxh6 20. Nd4 Rc8 21. c3
e5 22. Nc2 g5 23. Rd2 Qc6 24. Bb3 bxc3 25. Nxc3 Nc5 26. Ba2 Rg6 27. Rad1 Nh5
28. Rd5 Qc7 29. Ne2 Nd3 30. R5xd3 Bxd3 31. Rxd3 Qxc2 32. Qa7 Qc5+ 33. Kf1 0-1

[Event "Bronshoj Lang Weekend 2012"]
[Site "Bronshoj"]
[Date "2012.02.10"]
[Round "1"]
[White "Nielsen, Klaus"]
[Black "Mikkelsen, Nikolaj"]
[Result "0-1"]
[WhiteElo "2038"]
[BlackElo "2402"]
[PlyCount "104"]
[EventDate "2012.??.??"]
[EventCountry "DEN"]

1. d4 Nf6 2. Nf3 g6 3. Bg5 Ne4 4. Bh4 c5 5. dxc5 Bg7 6. c3 Nxc5 7. Nbd2 d5 8.
e3 Nc6 9. Be2 O-O 10. O-O Re8 11. Rc1 Qb6 12. b4 Nd7 13. a4 a5 14. b5 Nce5 15.
c4 dxc4 16. Nxc4 Nxc4 17. Bxc4 Nc5 18. Ng5 Ne6 19. Qb3 Bf6 20. Nxe6 Bxe6 21.
Bxe6 fxe6 22. Bg3 Rac8 23. Rfd1 Kf7 24. h3 h5 25. Rc4 Rc5 26. Rdc1 Rec8 27. Qd3
h4 28. Bf4 e5 29. Bh2 Rxc4 30. Rxc4 Rd8 31. Qc2 Qe6 32. Kf1 Rd2 33. Qe4 Qd7 34.
g4 hxg3 35. Bxg3 Qxh3+ 36. Ke1 Rd7 37. Rc2 Qf5 38. Qc4+ Kg7 39. Rd2 Qb1+ 40.
Ke2 Rxd2+ 41. Kxd2 e4 42. Bc7 Qb2+ 43. Qc2 Bc3+ 44. Kd1 Qa1+ 45. Qc1 Qxa4+ 46.
Qc2 Qa1+ 47. Qc1 Qxc1+ 48. Kxc1 Kf6 49. Kc2 Be1 50. Kd1 Bb4 51. Bb6 Ke6 52. Ke2
Kd5 0-1

[Event "Bronshoj Lang Weekend 2012"]
[Site "Bronshoj"]
[Date "2012.02.10"]
[Round "1"]
[White "Ohayv, Nikolaj"]
[Black "Kirknel, Thomas"]
[Result "0-1"]
[WhiteElo "1799"]
[BlackElo "2135"]
[PlyCount "85"]
[EventDate "2012.??.??"]
[EventCountry "DEN"]

1. e4 c5 2. Nc3 Nc6 3. f4 g6 4. Nf3 Bg7 5. g3 d6 6. Bg2 Nf6 7. d3 O-O 8. O-O
Bd7 9. h3 Rb8 10. g4 b5 11. g5 Ne8 12. Ne2 b4 13. f5 gxf5 14. exf5 Bxf5 15. Nh4
Bd7 16. Nf5 Bxf5 17. Rxf5 e6 18. Rf1 d5 19. Ng3 f5 20. Nh5 Bd4+ 21. Kh1 Ng7 22.
Nxg7 Bxg7 23. Qh5 Qe8 24. Qh4 Qd7 25. g6 hxg6 26. Bh6 Bxh6 27. Qxh6 Qg7 28. Qe3
Qe7 29. Rae1 Kf7 30. c4 bxc3 31. bxc3 Qd6 32. c4 dxc4 33. dxc4 Rh8 34. Qa3 Kf6
35. Qc3+ Nd4 36. Rd1 g5 37. Qe3 Rb2 38. Rf2 Rxf2 39. Qxf2 g4 40. Qe3 Qe5 41.
Qc3 gxh3 42. Bxh3 Qe4+ 43. Kh2 0-1

[Event "Bronshoj Lang Weekend 2012"]
[Site "Bronshoj"]
[Date "2012.02.10"]
[Round "1"]
[White "Palm, Nikolaj"]
[Black "Langmyhr, Tore"]
[Result "1-0"]
[WhiteElo "2217"]
[BlackElo "1923"]
[PlyCount "61"]
[EventDate "2012.??.??"]
[EventCountry "DEN"]

1. d4 f5 2. Nf3 Nf6 3. c4 e6 4. Nc3 c6 5. Qc2 d5 6. Bg5 Bd6 7. Bxf6 Qxf6 8.
cxd5 O-O 9. dxc6 Nxc6 10. e3 Bd7 11. Be2 Rac8 12. O-O Kh8 13. Rad1 Bb8 14. g3
g5 15. Ne5 Be8 16. f4 a6 17. Bf3 g4 18. Bg2 h5 19. Rc1 h4 20. Qd2 Nxe5 21. fxe5
Qe7 22. Nd5 Qd8 23. Nf4 Bf7 24. Bxb7 Rxc1 25. Rxc1 Qb6 26. Bh1 Rd8 27. Rc6 Qa7
28. Nxe6 Bxe6 29. Rxe6 f4 30. gxf4 Qg7 31. Be4 1-0

[Event "Bronshoj Lang Weekend 2012"]
[Site "Bronshoj"]
[Date "2012.02.10"]
[Round "1"]
[White "Pedersen, Steffen"]
[Black "Frisk, Hans"]
[Result "1-0"]
[WhiteElo "2427"]
[BlackElo "2058"]
[PlyCount "89"]
[EventDate "2012.??.??"]
[EventCountry "DEN"]

1. d4 d5 2. Nf3 c5 3. g3 cxd4 4. Bg2 Nc6 5. Nxd4 Nf6 6. O-O g6 7. c4 Nxd4 8.
Qxd4 dxc4 9. Qxd8+ Kxd8 10. Rd1+ Nd7 11. Na3 c3 12. bxc3 Bg7 13. Rb1 Rb8 14.
Bf4 e5 15. Be3 b6 16. Nb5 a6 17. Na7 Kc7 18. Nc6 Bb7 19. Nxb8 Rxb8 20. Rxd7+
Kxd7 21. Rxb6 Kc7 22. Bxb7 Rxb7 23. Rxa6 h5 24. Kg2 e4 25. c4 Be5 26. Bf4 Bxf4
27. gxf4 Rb2 28. e3 Rc2 29. Rf6 Kd7 30. Rxf7+ Ke6 31. Rc7 Rxa2 32. Rc5 Rc2 33.
Re5+ Kf6 34. Rxe4 h4 35. Kf3 Rc3 36. h3 Rc2 37. Rd4 Ke6 38. e4 Rc3+ 39. Kg4 Rc2
40. f3 Rc3 41. f5+ gxf5+ 42. exf5+ Ke7 43. Re4+ Kf6 44. Re6+ Kf7 45. Rc6 1-0

[Event "Bronshoj Lang Weekend 2012"]
[Site "Bronshoj"]
[Date "2012.02.10"]
[Round "1"]
[White "Stojanovski, Sandi"]
[Black "Rimestad, Arild"]
[Result "1-0"]
[WhiteElo "2179"]
[BlackElo "1905"]
[PlyCount "99"]
[EventDate "2012.??.??"]
[EventCountry "DEN"]

1. d4 f5 2. Nf3 Nf6 3. g3 g6 4. Bg2 Bg7 5. O-O O-O 6. b3 c6 7. Bb2 d6 8. a4 Qe8
9. Nbd2 Ne4 10. e3 Na6 11. Nc4 h6 12. Ne1 Nb4 13. Nd3 Nd5 14. f3 Ng5 15. e4
fxe4 16. fxe4 Rxf1+ 17. Qxf1 Nf6 18. Re1 Be6 19. e5 Bxc4 20. bxc4 dxe5 21. Nxe5
Nd7 22. Nd3 Qf7 23. Qxf7+ Kxf7 24. h4 Nh7 25. a5 Rc8 26. c3 b6 27. Ba3 Bf6 28.
Bh3 Nhf8 29. Ne5+ Bxe5 30. dxe5 Ke8 31. e6 Nf6 32. Rb1 Ne4 33. axb6 axb6 34.
Rxb6 c5 35. Bg2 Nd6 36. Bd5 g5 37. Bc1 gxh4 38. gxh4 Ng6 39. h5 Ne5 40. Bxh6
Nexc4 41. Rc6 Rxc6 42. Bxc6+ Kd8 43. Bg7 Nf5 44. h6 Nxh6 45. Bxh6 Kc7 46. Bd5
Nb6 47. Bf4+ Kd8 48. c4 Ke8 49. Bc7 Nc8 50. Bb7 1-0

[Event "Bronshoj Lang Weekend 2012"]
[Site "Bronshoj"]
[Date "2012.02.10"]
[Round "1"]
[White "Tandrup, Michael"]
[Black "Rostgaard, Tobias Valentin"]
[Result "1/2-1/2"]
[WhiteElo "1914"]
[BlackElo "2189"]
[PlyCount "49"]
[EventDate "2012.??.??"]
[EventCountry "DEN"]

1. d4 d5 2. Nf3 Nf6 3. e3 g6 4. b3 Bg7 5. Bb2 O-O 6. Be2 c5 7. Nbd2 cxd4 8.
exd4 Nc6 9. O-O Ne4 10. Ne5 Nxe5 11. dxe5 Qc7 12. Nxe4 dxe4 13. Qd4 Bf5 14. c4
Rfd8 15. Qc3 Rd7 16. Rfd1 Rad8 17. h3 h5 18. Rxd7 Rxd7 19. Rd1 Rxd1+ 20. Bxd1
Bh6 21. a3 Bf4 22. Qd4 b6 23. f3 Qb7 24. Bc2 Bg3 25. Bxe4 1/2-1/2

[Event "Bronshoj Lang Weekend 2012"]
[Site "Bronshoj"]
[Date "2012.02.10"]
[Round "1"]
[White "Willerup, Martin Kisby"]
[Black "Carstensen, Jacob"]
[Result "0-1"]
[WhiteElo "1976"]
[BlackElo "2278"]
[PlyCount "140"]
[EventDate "2012.??.??"]
[EventCountry "DEN"]

1. d4 Nf6 2. c4 e6 3. Nf3 c5 4. Nc3 cxd4 5. Nxd4 Bb4 6. g3 a6 7. Bg2 Qc7 8. Qb3
Bc5 9. Nc2 Nc6 10. Be3 Na5 11. Qa4 Bxe3 12. Nxe3 O-O 13. O-O d6 14. Rfd1 Rd8
15. Rac1 Rb8 16. Qc2 b6 17. Ne4 Nxe4 18. Bxe4 f5 19. Bg2 Bb7 20. b4 Bxg2 21.
Nxg2 Nc6 22. a3 Ne5 23. Nf4 Kf7 24. Nd3 Nc6 25. Nf4 Qe7 26. Qa4 Qb7 27. b5 Na5
28. Qb4 g5 29. Ng2 Ke7 30. Qd2 h6 31. bxa6 Qxa6 32. Qd4 Kf7 33. Rd3 Rbc8 34.
Ne3 Nc6 35. Qb2 Ne5 36. Rb3 Rc6 37. Rb1 Rb8 38. c5 Rxc5 39. Rxb6 Rxb6 40. Qxb6
Rc1+ 41. Kg2 Qxb6 42. Rxb6 f4 43. gxf4 gxf4 44. Nf1 Nc4 45. Rb4 d5 46. a4 Rd1
47. a5 Ra1 48. e4 Rxa5 49. exd5 exd5 50. h3 Kf6 51. Rb8 Nd6 52. Kf3 d4 53. Rf8+
Ke5 54. Rh8 Ra3+ 55. Kg4 d3 56. Nd2 Ra2 57. Nf3+ Kd5 58. Rxh6 d2 59. Nxd2 Rxd2
60. Kxf4 Rxf2+ 61. Ke3 Rf1 62. Rh5+ Nf5+ 63. Kd2 Kd4 64. Kc2 Ne3+ 65. Kb2 Nc4+
66. Kc2 Rf2+ 67. Kd1 Nb2+ 68. Kc1 Nd3+ 69. Kb1 Kc3 70. Rb5 Rf1+ 0-1

[Event "Bronshoj Lang Weekend 2012"]
[Site "Bronshoj"]
[Date "2012.02.10"]
[Round "1"]
[White "Zachariassen, Bjarne"]
[Black "Pedersen, Jan Nordenbaek"]
[Result "0-1"]
[WhiteElo "1948"]
[BlackElo "2225"]
[PlyCount "44"]
[EventDate "2012.??.??"]
[EventCountry "DEN"]

1. e4 e5 2. Nf3 Nf6 3. Nc3 Bb4 4. d3 Nc6 5. Be2 d5 6. exd5 Nxd5 7. Bd2 O-O 8.
Nxd5 Qxd5 9. Bxb4 Nxb4 10. O-O a5 11. Nd2 Be6 12. Bf3 Qc5 13. Bxb7 Rab8 14. Bf3
Qxc2 15. Nc4 e4 16. Ne3 Qxd1 17. Bxd1 exd3 18. b3 Rfd8 19. f4 f6 20. Rf2 Rd4
21. a3 Na6 22. Rb1 Nc5 0-1

[Event "Bronshoj Lang Weekend 2012"]
[Site "Bronshoj"]
[Date "2012.02.11"]
[Round "2"]
[White "Andersen, Daniel"]
[Black "Haubro, Sigfred"]
[Result "1/2-1/2"]
[WhiteElo "1823"]
[BlackElo "2105"]
[PlyCount "75"]
[EventDate "2012.??.??"]
[EventCountry "DEN"]

1. Nf3 f5 2. c4 Nf6 3. g3 e6 4. Bg2 Be7 5. d3 O-O 6. Nc3 d5 7. cxd5 exd5 8. e3
c6 9. O-O Qe8 10. Rb1 Nbd7 11. b4 Kh8 12. Qb3 Qh5 13. b5 Nc5 14. Qc2 Ne6 15.
Ne2 Bd7 16. bxc6 Bxc6 17. Bb2 Rac8 18. Qd2 Bd6 19. Ned4 Nxd4 20. Bxd4 a6 21.
Rfc1 Rf7 22. Be5 Be7 23. Bxf6 Bxf6 24. d4 Re8 25. Ne1 Be7 26. Nd3 Bd6 27. Nc5
Bxc5 28. Rxc5 Rd7 29. Qa5 Qf7 30. Bf1 Rd6 31. Rbc1 Rh6 32. Bg2 g5 33. Qd2 g4
34. f4 gxf3 35. Bxf3 Rhe6 36. Re1 Qg7 37. Rcc1 Qg5 38. Kf2 1/2-1/2

[Event "Bronshoj Lang Weekend 2012"]
[Site "Bronshoj"]
[Date "2012.02.11"]
[Round "2"]
[White "Andersen, Soren Mikkel"]
[Black "Moller, Arne Vagn"]
[Result "1/2-1/2"]
[WhiteElo "2021"]
[BlackElo "1767"]
[PlyCount "45"]
[EventDate "2012.??.??"]
[EventCountry "DEN"]

1. d4 Nf6 2. c4 e6 3. Nc3 Bb4 4. Qc2 c5 5. dxc5 Bxc5 6. Nf3 h6 7. Bf4 a6 8. Rd1
Qb6 9. e3 Nc6 10. Be2 Nh5 11. Bd6 Nb4 12. Qd2 Bxd6 13. Qxd6 Qxd6 14. Rxd6 Ke7
15. Rd2 Nf6 16. O-O Rb8 17. Rfd1 Rd8 18. e4 Nc6 19. Nd4 Nxd4 20. Rxd4 Ne8 21.
e5 f5 22. c5 Nc7 23. a4 1/2-1/2

[Event "Bronshoj Lang Weekend 2012"]
[Site "Bronshoj"]
[Date "2012.02.11"]
[Round "2"]
[White "Christensen, Esben"]
[Black "Ananthan, Arunn"]
[Result "1-0"]
[WhiteElo "1996"]
[BlackElo "1586"]
[PlyCount "37"]
[EventDate "2012.??.??"]
[EventCountry "DEN"]

1. e4 c5 2. Nf3 Nc6 3. d4 cxd4 4. Nxd4 Nf6 5. Nc3 e5 6. Ndb5 a6 7. Nd6+ Bxd6 8.
Qxd6 Qe7 9. Qxe7+ Kxe7 10. Bg5 Nb4 11. O-O-O Rd8 12. a3 Nc6 13. Nd5+ Kf8 14.
Nxf6 gxf6 15. Bxf6 Ne7 16. Bc4 b5 17. Bd5 Rb8 18. Bxe5 Rb6 19. Bc7 1-0

[Event "Bronshoj Lang Weekend 2012"]
[Site "Bronshoj"]
[Date "2012.02.11"]
[Round "2"]
[White "Christiansen, Johan Sebastian"]
[Black "Stojanovski, Sandi"]
[Result "0-1"]
[WhiteElo "1967"]
[BlackElo "2179"]
[PlyCount "118"]
[EventDate "2012.??.??"]
[EventCountry "DEN"]

1. c4 Nf6 2. Nc3 c5 3. g3 e6 4. Bg2 d5 5. cxd5 exd5 6. Qb3 c4 7. Qd1 Nc6 8. b3
d4 9. Nb1 cxb3 10. Qxb3 Bd6 11. Bb2 O-O 12. Nf3 Re8 13. Ng5 Qe7 14. O-O h6 15.
Nf3 Be6 16. Qa4 d3 17. e3 Nd7 18. Nc3 Nb6 19. Qe4 Nc4 20. Rab1 Rad8 21. Bc1 f5
22. Qh4 Qxh4 23. Nxh4 g5 24. Nf3 Bb4 25. Rb3 N4a5 26. Rb2 Bxc3 27. dxc3 Bc4 28.
Nd2 Ba6 29. Rd1 Ne5 30. Rb4 Rd7 31. h4 Nac4 32. hxg5 Nxd2 33. Bxd2 hxg5 34. e4
Nc4 35. exf5 Re2 36. Bxg5 Nb2 37. Rb1 d2 38. Bxd2 Rdxd2 39. Bf3 Rxf2 40. Rf4
Kf8 41. f6 Nd3 42. Rf5 Ne5 43. Rxe5 Rxf3 44. Rg5 Rxf6 45. Re1 b6 46. Rge5 Kg7
47. Re7+ Rf7 48. a4 Bb7 49. Rxf7+ Kxf7 50. Re3 Ra2 51. Rd3 Ke6 52. Re3+ Kd6 53.
Rd3+ Kc7 54. Rd4 Rg2+ 55. Kf1 Rxg3 56. Rc4+ Bc6 57. Kf2 Rg5 58. Rf4 Ra5 59.
Rf7+ Bd7 0-1

[Event "Bronshoj Lang Weekend 2012"]
[Site "Bronshoj"]
[Date "2012.02.11"]
[Round "2"]
[White "Frisk, Hans"]
[Black "Hansen, Rasmus Agertoft"]
[Result "1/2-1/2"]
[WhiteElo "2058"]
[BlackElo "1818"]
[PlyCount "86"]
[EventDate "2012.??.??"]
[EventCountry "DEN"]

1. d4 Nf6 2. c4 c6 3. Nf3 d5 4. e3 e6 5. b3 Bd6 6. Bb2 Nbd7 7. Nbd2 Ne4 8. Nxe4
dxe4 9. Nd2 f5 10. g3 O-O 11. Bg2 Qg5 12. O-O Nf6 13. Qe2 Qh6 14. f3 exf3 15.
Bxf3 Bd7 16. e4 Bb4 17. e5 Bxd2 18. exf6 Rxf6 19. Rad1 Be3+ 20. Kg2 f4 21. g4
Re8 22. h3 Qg5 23. Be4 Ref8 24. Qf3 h5 25. Kh2 Rh6 26. gxh5 Rxh5 27. Rg1 Bxg1+
28. Rxg1 Qh6 29. Rg6 Qh8 30. Qg4 Rf7 31. Bf3 e5 32. Qxh5 Qxh5 33. Bxh5 f3 34.
dxe5 f2 35. Be2 f1=Q 36. Bxf1 Rxf1 37. Kg2 Rd1 38. Rd6 Rxd6 39. exd6 c5 40. h4
Kf7 41. Kg3 g6 42. Kf4 Ke6 43. Be5 Bc6 1/2-1/2

[Event "Bronshoj Lang Weekend 2012"]
[Site "Bronshoj"]
[Date "2012.02.11"]
[Round "2"]
[White "Jensen, Simon Stibolt"]
[Black "Zachariassen, Bjarne"]
[Result "0-1"]
[WhiteElo "1423"]
[BlackElo "1948"]
[PlyCount "92"]
[EventDate "2012.??.??"]
[EventCountry "DEN"]

1. e4 c5 2. Nf3 Nc6 3. Bb5 Qb6 4. Nc3 e6 5. O-O Nge7 6. d3 d6 7. Be3 a6 8.
Bxc6+ Nxc6 9. Qd2 Be7 10. d4 Qc7 11. d5 Na5 12. dxe6 fxe6 13. Rad1 Nc4 14. Qc1
Nxe3 15. Qxe3 O-O 16. h3 b5 17. Ne2 Bd7 18. Rd2 Rae8 19. Rfd1 a5 20. c3 e5 21.
b3 Rf6 22. c4 b4 23. Ng3 Be6 24. Rd3 Ref8 25. R1d2 h6 26. Nf1 Kh7 27. Qe2 Rf4
28. Kh1 Qb7 29. Re3 Qc8 30. g3 R4f7 31. g4 h5 32. gxh5 Bxh3 33. N1h2 Qe6 34.
Qe1 Bg4 35. Qe2 Bxh5 36. Ng5+ Bxg5 37. Qxh5+ Bh6 38. Ng4 Rf4 39. Rg3 Rxe4 40.
Rd1 Ref4 41. Rdg1 Qe7 42. Qh2 Rd4 43. Nxh6 gxh6 44. Rh3 Rf6 45. Rhg3 Qb7+ 46.
Qg2 Rh4+ 0-1

[Event "Bronshoj Lang Weekend 2012"]
[Site "Bronshoj"]
[Date "2012.02.11"]
[Round "2"]
[White "Jorgensen, Mikkel"]
[Black "Jacobsen, Mads Holger Bang"]
[Result "0-1"]
[WhiteElo "1712"]
[BlackElo "1999"]
[PlyCount "62"]
[EventDate "2012.??.??"]
[EventCountry "DEN"]

1. d4 d5 2. e4 dxe4 3. Nc3 Nf6 4. f3 e3 5. Bxe3 e6 6. Bd3 Nd5 7. Nxd5 exd5 8.
Ne2 Bd6 9. Qd2 c6 10. Bf4 Be7 11. O-O O-O 12. Ng3 g6 13. Rae1 Nd7 14. Re2 Re8
15. Rfe1 Nf8 16. Bh6 Ne6 17. c3 Bd6 18. Bg5 f6 19. Bh6 Bd7 20. Kh1 Qc7 21. Qc2
Bxg3 22. hxg3 Qxg3 23. Bc1 Kf7 24. Qd2 h5 25. Qe3 Nc5 26. Qh6 Qxe1+ 27. Rxe1
Rxe1+ 28. Kh2 Nxd3 29. Bd2 Re2 30. Kg3 Rg8 31. Bf4 Ne1 0-1

[Event "Bronshoj Lang Weekend 2012"]
[Site "Bronshoj"]
[Date "2012.02.11"]
[Round "2"]
[White "Langmyhr, Tore"]
[Black "Harestad, Hans Krogh"]
[Result "0-1"]
[WhiteElo "1923"]
[BlackElo "2265"]
[PlyCount "42"]
[EventDate "2012.??.??"]
[EventCountry "DEN"]

1. c4 e5 2. Nf3 e4 3. Nd4 Nc6 4. e3 Nf6 5. Nc3 Bc5 6. Nb3 Bb4 7. Qc2 Bxc3 8.
Qxc3 O-O 9. Be2 d5 10. O-O Bg4 11. Bxg4 Nxg4 12. cxd5 Qd6 13. g3 Qxd5 14. Qc5
Qe6 15. Nd4 Nxd4 16. exd4 Rad8 17. b3 Rd5 18. Qc3 Nxh2 19. Ba3 Qh3 20. f4 Ng4
21. Rf2 Rh5 0-1